Statistics for Regions of Italy - One Minute Sprint

Click here to take the quiz!

General Stats

  • This quiz has been taken 33 times
  • The average score is 15 of 20

Answers on the Map

Answers color-coded by a green-red scale on the quiz's map according to % correct below.
 

Answer Stats

CapitalRegion% Correct
CagliariSardinia
96%
PalermoSicily
96%
MilanLombardy
87%
FlorenceTuscany
83%
BariApulia
78%
CatanzaroCalabria
78%
RomeLazio
78%
L'AquilaAbruzzo
74%
NaplesCampania
74%
GenoaLiguria
74%
TurinPiedmont
74%
VeniceVeneto
74%
AostaAosta Valley
70%
AnconaMarche
70%
CampobassoMolise
70%
TrentoTrentino-Alto Adige
70%
PerugiaUmbria
70%
PotenzaBasilicata
61%
BolognaEmilia-Romagna
61%
TriesteFriuli-Venezia Giulia
61%

Score Distribution

Percentile by Number Answered

Percent of People with Each Score

Your Score History

You have not taken this quiz